000 00520nam a2200097Ia 4500
008 170517s9999 xx 000 0 und d
245 _aVaccine Nation
300 _aIn the United States, the number of mandatory vaccine injections has risen to 36 per child. Each of these injections contains neurotoxins such as aluminum, formaldehyde, aborted fetal tissue, animal by-products, heavy metals, and many others. What happens to a child's...
650 _xTechnology.
856 _uhttp://topdocumentaryfilms.com/vaccine-nation/
999 _c335139
_d335139